[Event "Challenge"]
[Site "http://www.queenalice.com/game.php?id=1180319"]
[Date "2013.5.10"]
[Round "-"]
[White "valdenicio"]
[Black "carlosr"]
[Result "1-0"]
[WhiteElo "1695"]
[BlackElo "1236"]

1. d4 d5 2. Nf3 Bf5 3. Bf4 Nc6 4. c3 e6 5. e3 Nf6 6. Bd3 Ng4 7. h3 Nf6 8. Ne5
Nxe5 9. Bxe5 Nd7 10. Bh2 Qg5 11. g4 g6 12. Bf4 Qh4 13. Bg3 Qh6 14. gxf5 gxf5 15.
Qf3 b6 16. Nd2 c5 17. O-O-O Bg7 18. Rdg1 O-O 19. Bf4 Qf6 20. Bb5 Rad8 21. Bxd7
Rxd7 22. Be5 Qg6 23. Rxg6 fxg6 24. Bxg7 Kxg7 25. h4 c4 26. Qg3 h5 27. Rg1 e5 28.
Qxg6+ Kh8 29. Qh6+ Rh7 30. Qxf8# 1-0

[Event "Challenge"]
[Site "http://www.queenalice.com/game.php?id=1181127"]
[Date "2013.5.14"]
[Round "-"]
[White "carlosr"]
[Black "Oscar1961"]
[Result "1-0"]
[WhiteElo "1214"]
[BlackElo "1361"]

1. d4 d5 2. Be3 e6 3. Qd3 Bd7 4. g3 h5 5. Bg2 a5 6. Nf3 f6 7. O-O Ne7 8. Nh4 f5
9. Bg5 c6 10. Bf4 Na6 11. e3 Qb6 12. b3 Rc8 13. Bg5 c5 14. dxc5 Nxc5 15. Qc3 Bb5
16. Bh6 Rxh6 17. Rd1 Nxb3 18. Qxb3 a4 19. Qa3 e5 20. Rc1 g5 21. Re1 gxh4 22.
gxh4 Nc6 23. Qc3 d4 24. exd4 Bb4 25. Qg3 Qxd4 26. Qg8+ Kd7 27. Qg7+ Ne7 28. Qxh6
Qxa1 29. Rd1+ Ke8 30. Qxh5+ Kf8 31. Bxb7 Be8 32. Qh8+ Kf7 33. h5 Rc7 34. Ba6
Rxc2 35. Qh7+ Kf8 36. Qh8+ Ng8 37. h6 Bg6 38. Qg7+ Ke8 39. Qxg8+ Ke7 40. Qxg6
Qxa2 41. Qxf5 Bd6 42. Qh7+ Ke6 43. Qg8+ Kf6 44. Qh8+ Kg5 45. Qg7+ Kf4 46. h7 Bc5
47. Qg3+ Kf5 48. Rf1 Qa1 49. h8=Q Rxf2 50. Qc8+ Ke4 51. Qxc5 a3 52. Bd3# 1-0

[Event "Challenge"]
[Site "http://www.queenalice.com/game.php?id=1181939"]
[Date "2013.5.16"]
[Round "-"]
[White "Antoniel_Barbosa"]
[Black "carlosr"]
[Result "1-0"]
[WhiteElo "1625"]
[BlackElo "1256"]

1. Nf3 d5 2. Nc3 e6 3. d4 Nf6 4. Bg5 h6 5. Bxf6 gxf6 6. e4 Bg7 7. exd5 Qe7 8.
Bb5+ c6 9. dxc6 bxc6 10. Ba4 e5 11. d5 Qb4 12. dxc6 Qxb2 13. c7+ Nd7 14. Bxd7+
Bxd7 15. Nd5 Bc6 16. Rb1 Qxa2 17. Rb8+ Rxb8 18. cxb8=Q+ Kd7 19. Nxf6+ Ke6 20.
Qbd6+ Kf5 21. Qxe5+ Kg6 22. Nh4# 1-0

[Event "Challenge"]
[Site "http://www.queenalice.com/game.php?id=1181940"]
[Date "2013.5.16"]
[Round "-"]
[White "carlosr"]
[Black "Antoniel_Barbosa"]
[Result "0-1"]
[WhiteElo "1255"]
[BlackElo "1670"]

1. d4 Nf6 2. f4 Nc6 3. e3 d6 4. c3 Bg4 5. Be2 Qd7 6. h3 Bxe2 7. Nxe2 Ne4 8. d5
Qf5 9. dxc6 bxc6 10. Nd4 Qd5 11. Qb3 Qxb3 12. axb3 Ng3 13. Rg1 e5 14. Nxc6 exf4
15. exf4 Rc8 16. Nxa7 Ra8 17. Nb5 Rxa1 18. N5a3 Ne4 19. b4 Be7 20. b3 Nxc3 21.
Nxc3 Rxc1+ 22. Nd1 Bh4+ 23. Kd2 Ra1 24. Nc2 Ra6 25. g3 Bf6 26. Re1+ Kd8 27. Nf2
Rc6 28. b5 Bc3+ 29. Kd1 Bxe1 30. Nxe1 Rc3 31. Ng4 Rxb3 32. Ke2 Re8+ 33. Kf2 Rb2+
34. Kf1 d5 35. Nd3 Rd2 36. Nge5 f6 37. Ke1 Rh2 38. Nf2 fxe5 39. fxe5 Rxe5+ 40.
Kf1 Rxf2+ 41. Kxf2 d4 42. g4 d3 43. g5 d2 44. h4 d1=Q 45. Kg3 Re3+ 46. Kf2 Qd2+
47. Kf1 Re1# 0-1

[Event "Challenge"]
[Site "http://www.queenalice.com/game.php?id=1183166"]
[Date "2013.5.21"]
[Round "-"]
[White "santanacampos"]
[Black "carlosr"]
[Result "1-0"]
[WhiteElo "1360"]
[BlackElo "1259"]

1. e4 e5 2. Nf3 d6 3. Bc4 Bg4 4. Nc3 Nf6 5. O-O Nc6 6. h3 Bh5 7. Bb5 a6 8. Bxc6+
bxc6 9. g4 Bg6 10. d3 Qd7 11. Nh4 c5 12. Bg5 Rb8 13. Bxf6 gxf6 14. Nd5 c6 15.
Nxf6+ Ke7 16. Nxd7 Kxd7 17. g5 Rxb2 18. Qg4+ Kc7 19. c4 h5 20. Qd1 Bh7 21. Qa4
Rb4 22. Qxa6 Be7 23. Rab1 Bxg5 24. Qa7+ 1-0

[Event "Challenge"]
[Site "http://www.queenalice.com/game.php?id=1183472"]
[Date "2013.5.22"]
[Round "-"]
[White "Antoniel_Barbosa"]
[Black "carlosr"]
[Result "1-0"]
[WhiteElo "1603"]
[BlackElo "1270"]

1. e4 Nf6 2. Nc3 Nc6 3. Nf3 g6 4. Bb5 Na5 5. d3 c6 6. Bc4 Nxc4 7. dxc4 b6 8. h3
Ba6 9. Ne5 h5 10. Bg5 h4 11. b3 Rh5 12. f4 Bg7 13. Qf3 d6 14. Nxc6 Qc7 15. e5
Bb7 16. Bxf6 exf6 17. exf6 Bxf6 18. Nd5 Qxc6 19. Nxf6+ Ke7 20. Qxc6 Bxc6 21.
Nxh5 gxh5 22. O-O Rg8 23. Rae1+ Kd7 24. f5 Bxg2 25. Rf2 Bc6+ 26. Kf1 a5 27. f6
Rg3 28. Re7+ Kd8 29. Rxf7 Rg8 30. Rf4 Be8 31. Ra7 Rg3 32. f7 Rg7 33. Ra8+ Ke7
34. f8=Q+ Ke6 35. Qxe8+ Re7 36. Rf7 Rxe8 37. Rxe8+ Kxf7 38. Re4 Kg6 39. Kf2 Kg5
40. Kf3 Kf5 41. Rxh4 Kg5 42. Rd4 h4 43. Rxd6 1-0

[Event "Challenge"]
[Site "http://www.queenalice.com/game.php?id=1183473"]
[Date "2013.5.22"]
[Round "-"]
[White "carlosr"]
[Black "Antoniel_Barbosa"]
[Result "1/2-1/2"]
[WhiteElo "1254"]
[BlackElo "1650"]

1. d4 Nf6 2. Nf3 d5 3. Qd3 Nc6 4. Bg5 Bg4 5. h3 Bxf3 6. gxf3 Nh5 7. Nc3 h6 8.
Bd2 e5 9. Qb5 a6 10. Qxb7 Nxd4 11. Qxd5 Nxc2+ 12. Kd1 Nxa1 13. Qc6+ Ke7 14. Nd5+
Qxd5 15. Qxd5 Rd8 16. Qxe5+ Kd7 17. Qxh5 g6 18. Qd5+ Ke8 19. Qe5+ Kd7 20. Qxh8
Ba3 21. Qd4+ Kc8 22. Qc4 Bxb2 23. Qxa6+ Kd7 24. Qb5+ Kc8 25. Qxb2 Nb3 26. axb3
f5 27. Qa3 g5 28. Qa5 g4 29. hxg4 fxg4 30. fxg4 h5 31. gxh5 c5 32. Qxc5+ Kd7 33.
Bg5 Ke6+ 34. Ke1 Rd1+ 35. Kxd1 Kf7 36. Qe5 Kg8 37. Bh6 Kf7 38. Rg1 1/2-1/2

[Event "Challenge"]
[Site "http://www.queenalice.com/game.php?id=1183477"]
[Date "2013.5.22"]
[Round "-"]
[White "Oscar1961"]
[Black "carlosr"]
[Result "1-0"]
[WhiteElo "1301"]
[BlackElo "1270"]

1. e4 e5 2. d3 Bb4+ 3. c3 Bc5 4. Nf3 f6 5. d4 exd4 6. cxd4 Bb4+ 7. Ke2 Qe7 8.
Qc2 c6 9. a3 Ba5 10. Bf4 b6 11. Bxb8 Rxb8 12. b4 Bxb4 13. axb4 Qxb4 14. Ra4 Qb5+
15. Ke3 d6 16. Bxb5 cxb5 17. Rxa7 Nh6 18. Qc6+ Kf8 19. Qxd6+ Ke8 20. Qe7# 1-0

[Event "Challenge"]
[Site "http://www.queenalice.com/game.php?id=1184377"]
[Date "2013.5.24"]
[Round "-"]
[White "Rumo_a_Betim"]
[Black "carlosr"]
[Result "0-1"]
[WhiteElo "1345"]
[BlackElo "1255"]

1. e4 Nf6 2. e5 Nd5 3. Nf3 g6 4. Ng5 Bh6 5. Qf3 Bxg5 6. Bc4 e6 7. Bxd5 exd5 8.
Qxd5 c6 9. Qd6 Qe7 10. Qd4 c5 11. Qe4 f6 12. O-O fxe5 13. d3 d6 14. Bxg5 Qxg5
15. Qa4+ Bd7 16. Qb3 b6 17. Qd5 Bc6 18. Qxd6 Qxg2# 0-1

[Event "Challenge"]
[Site "http://www.queenalice.com/game.php?id=1184378"]
[Date "2013.5.24"]
[Round "-"]
[White "carlosr"]
[Black "Rumo_a_Betim"]
[Result "1-0"]
[WhiteElo "1278"]
[BlackElo "1182"]

1. d3 e5 2. Nf3 Nc6 3. Be3 Nf6 4. Nc3 Bb4 5. g3 Bxc3+ 6. bxc3 O-O 7. Bg2 e4 8.
dxe4 Nxe4 9. Nd4 Nxc3 10. Qd3 Nxd4 11. Qxd4 Nb5 12. Qb4 Qf6 13. Rc1 Qc3+ 14. Bd2
Qxb4 15. Bxb4 Re8 16. c4 a5 17. Bc3 Nxc3 18. Rxc3 d6 19. h4 Bg4 20. a4 Rxe2+ 21.
Kf1 Ra2 22. Bxb7 Re8 23. Rc1 Ree2 24. Rh2 Rec2 25. Re1 Rxc4 26. Re8# 1-0

[Event "Challenge"]
[Site "http://www.queenalice.com/game.php?id=1185231"]
[Date "2013.5.27"]
[Round "-"]
[White "serard1"]
[Black "carlosr"]
[Result "1-0"]
[WhiteElo "1277"]
[BlackElo "1234"]

1. Nf3 Nf6 2. Nc3 Nc6 3. e3 d6 4. b3 Be6 5. g3 g6 6. h4 Ne5 7. d4 c6 8. dxe5 Qa5
9. Qd2 dxe5 10. Bd3 Bd5 11. e4 Be6 12. Ng5 Bd7 13. a3 h6 14. b4 Qb6 15. Nf3 Ng4
16. Rf1 h5 17. Ng5 Nh2 18. Rh1 Ng4 19. Na4 Bh6 20. Nxb6 axb6 21. f3 Nf6 22. f4
exf4 23. gxf4 O-O-O 24. Nxf7 Bg7 25. Nxd8 Rxd8 26. e5 Bh6 27. exf6 1-0

[Event "Challenge"]
[Site "http://www.queenalice.com/game.php?id=1185232"]
[Date "2013.5.27"]
[Round "-"]
[White "serard1"]
[Black "carlosr"]
[Result "1-0"]
[WhiteElo "1241"]
[BlackElo "1230"]

1. Nc3 Nc6 2. Nf3 Nf6 3. e3 d6 4. g3 Be6 5. h4 g6 6. Na4 Bg7 7. d4 Bh6 8. Ng5
Bg4 9. Nf3 O-O 10. Bh3 Qd7 11. Ng1 Na5 12. b3 b6 13. f3 b5 14. Bxg4 e6 15. b4
Nc4 16. Nc3 Qc6 17. Rb1 Bxe3 18. Nce2 1-0

[Event "AMX II"]
[Site "http://www.queenalice.com/game.php?id=1186908"]
[Date "2013.6.1"]
[Round "-"]
[White "perucona"]
[Black "carlosr"]
[Result "0-1"]
[WhiteElo "1350"]
[BlackElo "1220"]

1. e4 Nc6 2. d4 Nf6 3. e5 Ne4 4. d5 Nxe5 5. f3 Nf6 6. f4 Neg4 7. h3 Nh6 8. Nc3
d6 9. Nf3 Nf5 10. Bb5+ c6 11. dxc6 bxc6 12. Bd3 Ng3 13. Rh2 Bb7 14. Be3 Qa5 15.
Bf2 Ngh5 16. Qd2 c5 17. O-O-O Bd5 18. Be2 Bxa2 19. Nxa2 Qxa2 20. c4 Ne4 21. Qd3
Nxf2 22. Rf1 Nxd3+ 23. Bxd3 Rb8 24. Rf2 Nxf4 25. Kc2 Rxb2+ 26. Kc3 Rxf2 27. Nd2
Qxd2+ 28. Kb3 Qxd3+ 29. Ka4 Qxc4+ 30. Ka5 Ra2# 0-1

[Event "Challenge"]
[Site "http://www.queenalice.com/game.php?id=1187958"]
[Date "2013.6.5"]
[Round "-"]
[White "Antoniel_Barbosa"]
[Black "carlosr"]
[Result "1-0"]
[WhiteElo "1680"]
[BlackElo "1265"]

1. e4 e6 2. d4 Nc6 3. Bc4 d5 4. exd5 exd5 5. Bb5 a6 6. Bxc6+ bxc6 7. b3 Nf6 8.
Bg5 h6 9. Bxf6 Qxf6 10. Qe2+ Be7 11. Nf3 O-O 12. O-O Bg4 13. h3 1-0

[Event "Challenge"]
[Site "http://www.queenalice.com/game.php?id=1191216"]
[Date "2013.6.15"]
[Round "-"]
[White "Antoniel_Barbosa"]
[Black "carlosr"]
[Result "1-0"]
[WhiteElo "1682"]
[BlackElo "1263"]

1. e4 e5 2. Nf3 Nc6 3. Bb5 a6 4. Ba4 Nb4 5. O-O Qe7 6. Nc3 Qc5 7. Bb3 d6 8. d3
Bg4 9. Be3 Qa5 10. a3 Nc6 11. Bxf7+ Kxf7 12. b4 Qb6 13. Bxb6 cxb6 14. Ng5+ Ke7
15. Nd5+ Kd7 16. Qxg4+ Ke8 17. Qe6+ Be7 18. Nc7+ Kd8 19. Nxa8 Nd4 20. Nf7+ Ke8
21. Nxd6+ Kf8 22. Qf7# 1-0

[Event "Challenge"]
[Site "http://www.queenalice.com/game.php?id=1191217"]
[Date "2013.6.15"]
[Round "-"]
[White "carlosr"]
[Black "Antoniel_Barbosa"]
[Result "0-1"]
[WhiteElo "1261"]
[BlackElo "1684"]

1. d4 d5 2. Nf3 Nc6 3. h3 a6 4. Ne5 Nxe5 5. dxe5 e6 6. Nc3 d4 7. Ne4 Qd5 8. f3
Qxe5 9. b3 Be7 10. g4 Bh4+ 11. Kd2 f5 12. gxf5 exf5 13. Kd3 fxe4+ 14. fxe4 Bd7
15. Qd2 Bb5+ 16. c4 dxc3+ 17. Ke3 Qc5+ 18. Qd4 Qg5+ 19. Kf3 Qg3# 0-1

[Event "Desafio DOPR"]
[Site "http://www.queenalice.com/game.php?id=1192177"]
[Date "2013.6.19"]
[Round "-"]
[White "carlosr"]
[Black "AlexTenorio"]
[Result "0-1"]
[WhiteElo "1247"]
[BlackElo "1723"]

1. d4 Nf6 2. Bg5 Ne4 3. f3 Nxg5 4. Qd3 Nc6 5. Qb5 Nxd4 6. Qxg5 Nxc2+ 7. Kd1 Nxa1
8. Qc1 e5 9. Nd2 Bb4 10. Qxa1 Bxd2 11. Kxd2 Qg5+ 12. e3 d5 13. h4 Qf6 14. Qc1 c6
15. Qc3 Qh6 16. Qxe5+ Be6 17. Qc7 d4 18. f4 dxe3+ 19. Kxe3 O-O 20. Qxb7 Rfe8 21.
Kf2 Qxf4+ 22. Nf3 Rab8 23. Qxc6 Rxb2+ 24. Be2 Rc8 25. Qa6 Qc7 26. Rd1 Qc5+ 27.
Rd4 Bd5 28. Qd3 Re8 29. Nd2 Bxa2 30. Kf3 g6 31. Rd8 Qc6+ 32. Ne4 Rxd8 33. Qxd8+
Kg7 34. Qd4+ f6 35. Qxb2 Bd5 36. Bd3 Kf7 37. Qa3 f5 38. Qxa7+ Ke6 39. Qa6 fxe4+
40. Ke3 exd3 41. Qxc6+ Bxc6 42. Kxd3 Bxg2 43. Ke3 Kf5 44. Kf2 Be4 45. Kg3 h6 46.
Kh3 g5 47. hxg5 hxg5 48. Kg3 g4 49. Kh2 Kf4 50. Kg1 Kf3 51. Kh2 g3+ 52. Kg1 g2
53. Kh2 Kf2 54. Kh3 g1=Q 55. Kh4 Bf3 56. Kh3 Qg3# 0-1